| 000 | 00511nam a2200133Ia 4500 | ||
|---|---|---|---|
| 008 | 160809s9999 xx 000 0 und d | ||
| 100 | _aStephens, Melanie. | ||
| 245 | _aChanging Student Nurses Values, Attitudes, and Behaviours: A Meta Ethnography of Enrichment Activities | ||
| 245 | _cMelanie Stephens. | ||
| 260 | _bJournal of Nursing and Care | ||
| 260 | _cFebruary 2016 | ||
| 650 | _xNURSING | ||
| 856 | _uhttp://www.omicsgroup.org/journals/ArchiveJNC/jnc-archive.php?journal=jnc&month=February&year=2018 | ||
| 999 |
_c300151 _d300151 |
||